000 00794nam a22002297a 4500
003 UA-OsUOA
001 108485
007 ta
008 20141021b un ||||| |||| 00| 0 ukr d
100 _aСвідерська І.М.
700 _aВолошанюк Н.В.
090 _a330(477)
_bС24
942 _cSA
040 _aUA-OsUOA
_bukr
_cUA-OsUOA
_dUA-OsUOA
245 _aТрансфертне ціноутворення як інструмент фінансового контролінгу: проблематика практичного використання в Україні
300 _aС.97-112
955 _a0
041 _aukr
080 _a330(477)
773 0 _w108477
_tФінанси України
_dК.
_d2014
_g8
650 7 _a330 Економіка взагалі
_2UDC
999 _c394379
_d394379